| 000 | 00763nam a2200253 a 4500 | ||
|---|---|---|---|
| 001 | |||
| 003 | DO-SdBNP | ||
| 005 | 20210825082227.0 | ||
| 008 | 190305s2013 dr a r 000 0 spa d | ||
| 040 |
_aDO-SdBNP _bspa _cBPMSU |
||
| 082 |
_a923.27293 _bD812p 2013 _222 |
||
| 100 | 1 | _aPatín Veloz, Enrique | |
| 245 | 1 | 0 |
_aDuarte y la historia / _cEnrique Patín Veloz. |
| 250 | _a8a ed. | ||
| 260 |
_aSanto Domingo : _bInstituto Duartiano, _c2013 |
||
| 300 |
_a161 p. : _bil. ; _c21 cm. |
||
| 490 | 0 |
_aDuartiana _v5 |
|
| 504 | _aBibliografía : p. 159 | ||
| 590 | _aInventariado, 2021/VM | ||
| 600 | 1 | 4 |
_aDuarte, Juan Pablo, _d1813-1876 _xPensamiento político |
| 651 | 4 |
_aRepública Dominicana _xHistoria _y1844-1930 |
|
| 910 | _aVMateo V. | ||
| 942 |
_2ddc _cBK |
||
| 999 |
_c13682 _d13682 |
||